Plan estratégico para el Fondo Común Intercooperativo de protección al Asociado FOCOMIPRO en la ciudad de Managua
Presenta un diseño de un plan estratégico a nivel organizativo, administrativo, comercial y tecnológico en FOCOMIPRO ubicado en la ciudad de Managua, para el periodo 2017-2021, definiendo estrategias efectivas que permitan establecer bases organizativas sólidas para realizar una gestión eficien...
| Main Authors: | , |
|---|---|
| Other Authors: | |
| Format: | Tesis Section = Libro |
| Language: | Undetermined Spanish |
| Published: |
Managua
UNI-IES
2017
|
| Subjects: |
| LEADER | 01454nam a2200265Ia 4500 | ||
|---|---|---|---|
| 008 | 240830s9999 xx 000 0 und d | ||
| 040 | |a BIBLIOTECA-RUPAP Mon 658.4012 M971 | ||
| 041 | |a spa | ||
| 082 | |a Mon 658.4012 M971 | ||
| 100 | 1 | |a Muñoz Ampié, Oscar Adonis | |
| 100 | 1 | |b Prado Espinoza, Alexander de Jesús | |
| 245 | 1 | 0 | |a Plan estratégico para el Fondo Común Intercooperativo de protección al Asociado FOCOMIPRO en la ciudad de Managua |
| 260 | |a Managua |b UNI-IES |c 2017 | ||
| 300 | |a 161 p. :il. | ||
| 500 | |a Contiene: anexos y CD. | ||
| 502 | |a Tesis (Ingeniero de Sistemas)- UNI, 2017. | ||
| 520 | 3 | |a Presenta un diseño de un plan estratégico a nivel organizativo, administrativo, comercial y tecnológico en FOCOMIPRO ubicado en la ciudad de Managua, para el periodo 2017-2021, definiendo estrategias efectivas que permitan establecer bases organizativas sólidas para realizar una gestión eficiente y cumplir con las metas y objetivos que como organización tienen; además de contar con estrategias comerciales e informáticas que brindarán una expansión de mercado y mayor control de la información para garantizar la satisfacción y seguridad que estos necesitan. | |
| 650 | 7 | |a PLANEACION ESTRATEGICA | |
| 650 | 7 | |b ESTRATEGIA EMPRESARIAL | |
| 650 | 7 | |c PLAN ESTRATEGICO | |
| 650 | 7 | |d ADMINSTRACION | |
| 700 | 1 | |a Tutor: |b Martínez Zúniga, Leonel Antonio | |
| 942 | |c BK |2 ddc | ||
| 991 | |a TESIS | ||
| 999 | |c 17215 | ||